01104nam a2200313Ia 450000500170000000800410001702000180005808200160007610000160009224500890010825000180019730000480021549000280026350000320029153400220032365000470034565000500039265000540044265000510049670000240054770000360057194200120060726400330061933600270065233700330067933800280071204000350074099900150077520220317001315.0161108s2006 ck a g 000 0 spa  a978958301842804a304.8bR61g1 aRobson, Pam10aGente y lugarescPam Robson ; traducción Sybell Holguín ; ilustrador Tony Kenyon a1a. edición a32 páginasbilustraciones en colorc28 cm aJóvenes científicos aIncluye glosario e índice tPeople and places142LEMBaPoblación xEnseñanza elemental 142LEMBaClimatología xEnseñanza elemental 142LEMBaRecursos naturales xEnseñanza elemental 142LEMBaContaminación xEnseñanza elemental 1 aKenyon, Tony9118201 aHolguín Osorio, Sybell915109 2ddccBK aBogotábPanamericanac2006 atextobtxt2rdacontent asin mediaciónbn2rdamedia avolumenbnc2rdacarrier aCO-BoRNBPbspaerdacCO-BoRNBP c6570d6570